| 000 | 00546nam a22002057a 4500 | ||
|---|---|---|---|
| 005 | 20250219180657.0 | ||
| 008 | 170602b1990 xxu||||| |||| 00| 0 spa d | ||
| 041 |
_aESP _aING |
||
| 082 | _aR 658.03 F565d4 | ||
| 100 | _aFernández Collado, José Antonio | ||
| 245 | _aDiccionario inglés-español, español-inglés de términos administrativos | ||
| 250 | _a4 edición | ||
| 260 | _aMéxico | ||
| 260 | _bTrillas | ||
| 260 | _c1990 | ||
| 300 | _a248 páginas | ||
| 650 | _aDICCIONARIOS | ||
| 650 | _aADMINISTRACIÓN | ||
| 942 |
_cREF _2ddc |
||
| 999 |
_c9508 _d9508 |
||